书目信息 |
| 题名: |
工业港口城南通
|
|
| 作者: | 贾涛根 编著 | |
| 分册: | ||
| 出版信息: | 北京 工人出版社 1984 |
|
| 页数: | 244页 | |
| 开本: | 19cm | |
| 丛书名: | 新兴城市丛书 | |
| 单 册: | ||
| 中图分类: | F427.53 , F403 | |
| 科图分类: | ||
| 主题词: | 地区经济--南通市 , 地区经济 , 工业经济--经济理论 | |
| 电子资源: | ||
| ISBN: | ||
| 000 | 00726oam2 2200277 450 | |
| 001 | 1556952796 | |
| 005 | 20150124154930.06 | |
| 010 | @dCNY0.90 | |
| 091 | @a4007.16 | |
| 100 | @a19951014d1984 em y0chiy0110 ea | |
| 101 | 0 | @achi |
| 102 | @aCN@b110000 | |
| 105 | @af z 000yy | |
| 200 | 1 | @a工业港口城南通@9gong ye gang kou cheng nan tong@f贾涛根等编著 |
| 210 | @a北京@c工人出版社@d1984 | |
| 215 | @a244页@c彩照@d19cm | |
| 225 | 2 | @a新兴城市丛书 |
| 461 | 0 | @12001 @a新兴城市丛书 |
| 606 | 0 | @a地区经济@y南通市 |
| 606 | 0 | @a地区经济 |
| 606 | 0 | @a工业经济@x经济理论 |
| 690 | @aF427.53@v5 | |
| 690 | @aF403@v4 | |
| 701 | 0 | @a贾涛根@9jia tao gen@4编著 |
| 801 | 0 | @aCN@bTSSF@c20150124 |
| 905 | @aZUCC@dF403@eJY4 | |
| 工业港口城南通/贾涛根等编著.-北京:工人出版社,1984 |
| 244页:彩照;19cm.-(新兴城市丛书) |
| ISBN :CNY0.90 |
| ● |
| 相关链接 |
|
|
|
|
正题名:工业港口城南通
索取号:F403/JY4
 
预约/预借
| 序号 | 登录号 | 条形码 | 馆藏地/架位号 | 状态 | 备注 |
| 1 | 7857034 | 278570342 | 学院路分馆/ [索取号:F403/JY4] | 在馆 |